LoKi : (Record no. 204008)

MARC details
000 -LEADER
fixed length control field 01125nam a2200337 ia4500
003 - CONTROL NUMBER IDENTIFIER
control field OSt
005 - DATE AND TIME OF LATEST TRANSACTION
control field 20260426122140.0
008 - FIXED-LENGTH DATA ELEMENTS--GENERAL INFORMATION
fixed length control field 260426t20252025enka jr 000 0 eng d
020 ## - INTERNATIONAL STANDARD BOOK NUMBER
International Standard Book Number 9781529515787
Terms of availability RM 52.70
Qualifying information paperback
040 ## - CATALOGING SOURCE
Original cataloging agency PPAK
Language of cataloging eng
Transcribing agency PPAK
Description conventions rda
082 04 - DEWEY DECIMAL CLASSIFICATION NUMBER
Edition number 23
Classification number 793.73
090 00 - LOCALLY ASSIGNED LC-TYPE CALL NUMBER (OCLC); LOCAL CALL NUMBER (RLIN)
Classification number (OCLC) (R) ; Classification number, CALL (RLIN) (NR) 793.73
Feature heading STO
Feature heading K
100 1# - MAIN ENTRY--PERSONAL NAME
Personal name Stowell, Louie,
Relator term author.
245 10 - TITLE STATEMENT
Title LoKi :
Remainder of title A BAD GOD GUIDE TO UNRULY ACTIVITIES /
Statement of responsibility, etc. LOUIE STOWEILL AND RUBY ALLEN-CADMAN
264 #1 - PRODUCTION, PUBLICATION, DISTRIBUTION, MANUFACTURE, AND COPYRIGHT NOTICE
Place of production, publication, distribution, manufacture London :
Name of producer, publisher, distributor, manufacturer Walker Books Ltd.,
Date of production, publication, distribution, manufacture, or copyright notice 2025
Date of production, publication, distribution, manufacture, or copyright notice ©2025
300 ## - PHYSICAL DESCRIPTION
Extent 143 pages :
Other physical details illustrations ;
Dimensions 20 cm
336 ## - CONTENT TYPE
Content type term text
Source rdacontent
337 ## - MEDIA TYPE
Media type term unmediated
Source rdamedia
338 ## - CARRIER TYPE
Carrier type term volume
Source rdacarrier
490 1# - SERIES STATEMENT
Series statement Loki series
500 ## - GENERAL NOTE
General note 50 PUZZLES, GAMES AND QUIZZES --Cover
650 10 - SUBJECT ADDED ENTRY--TOPICAL TERM
Topical term or geographic name entry element Loki (Norse deity)
Form subdivision Juvenile literature
Topical term or geographic name entry element Games and puzzles
Form subdivision Juvenile literature
Topical term or geographic name entry element Mythology, Norse
Form subdivision Juvenile literature
Topical term or geographic name entry element Humor
Form subdivision Juvenile literature
655 #7 - INDEX TERM--GENRE/FORM
Genre/form data or focus term Activity books for children
700 1# - ADDED ENTRY--PERSONAL NAME
Personal name Allen-Cadman, Ruby,
Relator term author.
830 #0 - SERIES ADDED ENTRY--UNIFORM TITLE
Uniform title Loki series
942 ## - ADDED ENTRY ELEMENTS (KOHA)
Source of classification or shelving scheme Dewey Decimal Classification
Koha item type Book
Holdings
Withdrawn Not for loan Current library Shelving location Date acquired Total Checkouts Full call number Barcode Date last seen Koha item type
    Perpustakaan Alor Setar Pinjaman Kanak-kanak 27/04/2026   K 793.73 STO A01915196 27/04/2026 Book
    Perpustakaan Awam Sungai Petani Pinjaman Kanak-kanak 27/04/2026   K 793.73 STO A01915197 27/04/2026 Book